000 00187nam a22000857a 4500
003 NUST
082 _a621.3192,BOY
245 _aIntroductry Circuit Analysis /
_cR.L Boylest
942 _2ddc
_cBK
999 _c593191
_d593191